The Brandenburg Graduates (Record no. 350831)

000 -LEADER
fixed length control field 00470nam a22001937a 4500
003 - CONTROL NUMBER IDENTIFIER
control field OSt
005 - DATE AND TIME OF LATEST TRANSACTION
control field 20180116183027.0
008 - FIXED-LENGTH DATA ELEMENTS--GENERAL INFORMATION
fixed length control field 151215b xxu||||| |||| 00| 0 eng d
020 ## - INTERNATIONAL STANDARD BOOK NUMBER
International Standard Book Number 0
040 ## - CATALOGING SOURCE
Transcribing agency 0
082 ## - DEWEY DECIMAL CLASSIFICATION NUMBER
Classification number 813.54 SEL 1986
100 ## - MAIN ENTRY--PERSONAL NAME
Personal name Owen Sela
245 ## - TITLE STATEMENT
Title The Brandenburg Graduates
Statement of responsibility, etc. Owen Sela
260 ## - PUBLICATION, DISTRIBUTION, ETC.
Place of publication, distribution, etc. London
Name of publisher, distributor, etc. Fontana/Collins
Date of publication, distribution, etc. 1986
300 ## - PHYSICAL DESCRIPTION
Extent 348 p.
Other physical details PB
440 ## - SERIES STATEMENT/ADDED ENTRY--TITLE
Title The Brandenburg Graduates
600 ## - SUBJECT ADDED ENTRY--PERSONAL NAME
Personal name Owen Sela
942 ## - ADDED ENTRY ELEMENTS (KOHA)
Source of classification or shelving scheme
Koha item type Book
Holdings
Withdrawn status Lost status Source of classification or shelving scheme Damaged status Not for loan Collection code Permanent Location Current Location Shelving location Date acquired Total Checkouts Full call number Barcode Date last seen Price effective from Koha item type
            Central Library (CL) Central Library (CL) Fiction 12/15/2015   813.54 SEL 1986 NBSD-2340 12/15/2015 12/15/2015 Book
© 2023 Central Library, National University of Sciences and Technology. All Rights Reserved.